000 01410nam a2200397 c 4500
001 58369
003 CO-BoRNBP
005 20250821215534.0
007 ta
008 140329s2015 ck a gr 0001j spa d
020 _a9789585911512
040 _aCO-BoRNBP
_bspa
_erda
_cCO-BoRNBP
041 _aspa
084 _aC
100 _aCampanari, José.
_eaut
_963024
245 1 0 _aEs mi cumpleaños /
_cJosé Campanari and Simona Mulazzani.
250 _aEdición especial
264 1 _aBogotá, Colombia :
_bOQO Editora,
_c2015
300 _a20 páginas :
_bilustraciones a color,
336 _atexto
_btxt
_2rdacontent
337 _asin mediación
_bn
_2rdamedia
338 _avolumen
_bnc
_2rdacarrier
490 0 _aLeer es mi cuento
490 0 _aNanOQOs
521 _aRecomendado para niños a partir de 0 a 2 años
650 0 4 _aLiteratura infantil argentina
_ySiglo XXI
_2LEMB
_91023
650 0 7 _aÓrganos de los sentidos
_vÁlbum infantil
_2LEMB
_963025
650 0 7 _aTacto
_vÁlbum infantil
_2lemb
_963026
650 0 4 _aCuentos infantiles argentinos
_ySiglo XXI
_2LEMB
_92442
655 _aÁlbum infantil
_962927
655 _aÁlbum infantil
_962927
700 _aMulazzani, Simona.
_963027
830 0 _aColección para la Primera Infancia del Ministerio de Cultura, Plan Nacional de Lectura y Escritura Leer es mi cuento, Primera Infancia 2015
_960140
942 _2loc
_cBK
949 _an
_bn
999 _c58369
_d58369